<?xml version="1.0" encoding="UTF-8"?>
<marc:record xmlns:marc="http://www.loc.gov/MARC21/slim">
   <marc:leader>00000nam a2200000 a 4500</marc:leader>
   <marc:datafield ind1="1" ind2=" " tag="100">
      <marc:subfield code="a">Trageser, Tim</marc:subfield>
      <marc:subfield code="4">aut</marc:subfield>
      <marc:subfield code="e">Verfasser/-in</marc:subfield>
   </marc:datafield>
   <marc:datafield ind1=" " ind2=" " tag="653">
      <marc:subfield code="a">Abenteuerfilm</marc:subfield>
   </marc:datafield>
   <marc:datafield ind1=" " ind2=" " tag="653">
      <marc:subfield code="a">Action</marc:subfield>
   </marc:datafield>
   <marc:datafield ind1=" " ind2=" " tag="653">
      <marc:subfield code="a">DVDJ</marc:subfield>
   </marc:datafield>
   <marc:datafield ind1=" " ind2=" " tag="653">
      <marc:subfield code="a">Deutsch.</marc:subfield>
   </marc:datafield>
   <marc:datafield ind1=" " ind2=" " tag="653">
      <marc:subfield code="a">Film</marc:subfield>
   </marc:datafield>
   <marc:datafield ind1=" " ind2=" " tag="653">
      <marc:subfield code="a">Jugendfilm</marc:subfield>
   </marc:datafield>
   <marc:datafield ind1=" " ind2=" " tag="653">
      <marc:subfield code="a">Realverfilmung</marc:subfield>
   </marc:datafield>
   <marc:datafield ind1=" " ind2=" " tag="653">
      <marc:subfield code="a">Video</marc:subfield>
   </marc:datafield>
   <marc:datafield ind1="0" ind2="0" tag="245">
      <marc:subfield code="a">Hilfe, ich hab meine Eltern geschrumpft</marc:subfield>
   </marc:datafield>
   <marc:datafield ind1="0" ind2="0" tag="245">
      <marc:subfield code="c">Trageser, Tim</marc:subfield>
   </marc:datafield>
   <marc:datafield ind1="1" ind2=" " tag="520">
      <marc:subfield code="a">Es spukt wieder in der Schule von Felix . Diesmal treibt aber nicht der wohlwollende Schulgründer Otto Leonhard  sein Unwesen, sondern die verhasste und vor langer Zeit verstorbene Direktorin Hulda Stechbarth. Ein Zufall läßt den seinerzeit geschrumpften und skelettierten Schülerschreck wieder auferstehen. Derweil ist Felix genervt von seinen Eltern. Denn kaum läuft es für ihn am Otto-LeonhardGymnasium unter der Leitung von Schuldirektorin Dr. Schmitt-Gössenwein (ANJA KLING) so richtig gut, wollen seine Eltern mit ihm nach Dubai umziehen, weil sein Vater dort einen neuen Job annehmen möchte. Felix ist dagegen und wünscht sich, dass seine Eltern auch mal gezwungen sein sollten, das zu tun, was er will. Dieser Wunsch geht schneller in Erfüllung als Felix es erwartet hat, denn nach einem unfreiwilligen Aufeinandertreffen mit Hulda werden seine Eltern plötzlich geschrumpft. Mitten in der Nacht stehen sie plötzlich völlig erschöpft und hilfesuchend neben seinem Bett, nachdem sie sich auf abenteuerliche Weise nach Hause gekämpft haben. Auf einmal ist Felix derjenige, der sich um seine Eltern kümmern muss, was gar nicht so einfach ist. Gemeinsam mit seinen Freunden schmiedet er einen Plan, wie er seine Eltern wieder groß machen und die Schule vor Hulda retten kann.</marc:subfield>
   </marc:datafield>
   <marc:datafield ind1=" " ind2=" " tag="020">
      <marc:subfield code="a">4030521752306</marc:subfield>
      <marc:subfield code="9">4030521752306</marc:subfield>
   </marc:datafield>
   <marc:datafield ind1=" " ind2=" " tag="041">
      <marc:subfield code="a">ger</marc:subfield>
   </marc:datafield>
</marc:record>
